| 000 | 00617nam a22001817a 4500 | ||
|---|---|---|---|
| 003 | OSt | ||
| 005 | 20140310181710.0 | ||
| 008 | 121207t xxu||||| |||| 00| 0 eng d | ||
| 020 | _a9715420737 | ||
| 050 |
_aPN 6145 _b.Az997 1995 |
||
| 082 |
_aFIL 808.614 _bAz88 1995 |
||
| 245 |
_aReinventing the Filipino sense of being and becoming : critical analyses of the orthodox views in anthropology, history folklore and letters / . _cArnold Molina Azurin |
||
| 260 |
_aQuezon City : _bUniversity of the Philippines, _cc1995. |
||
| 300 |
_a 228 p. : _b ill. ; _c23 cm. |
||
| 562 | _e1 | ||
| 942 |
_2lcc _cBK |
||
| 999 |
_c1497 _d1497 |
||